| 000 | 00754nam a2200217Ii 4500 | ||
|---|---|---|---|
| 003 | JO-AjNU | ||
| 008 | 230605s9999||||xx |||||||||||||| ||und|| | ||
| 017 | _a93/8700 | ||
| 040 |
_aJO-AjNU _bara _erda _cJO-AjNU |
||
| 041 | _aara | ||
| 050 | 1 | 4 | _aBP155.U85 1993 |
| 100 | 3 |
_a عبدالرحيم ، ابو محمد اشرف بن عبد المقصود , _eauthor _937670 |
|
| 245 | 0 | 0 | _aالشرح الممتع على زاد المستنقع سجود السهو |
| 250 | _aط1 | ||
| 264 | 3 | 1 | _aالرياض : مكتبة طبرية ، 1993 |
| 300 | _a83ص | ||
| 336 |
_atext _btxt _2rdacontent |
||
| 337 |
_aunmediated _bn _2rdamedia |
||
| 338 |
_avolume _bnc _2rdacarrier |
||
| 650 | 4 |
_aالصلاة -- العبادات ( فقة إسلامي ) _937671 |
|
| 999 |
_aA15761 _c19329 _d19329 |
||